| 000 | 00475nam a2200169Ia 4500 | ||
|---|---|---|---|
| 999 |
_c14407 _d14407 |
||
| 003 | OSt | ||
| 005 | 20201028132030.0 | ||
| 008 | 190216s9999||||xx |||||||||||||| ||und|| | ||
| 040 | _coclc | ||
| 082 |
_a891.733 _bDOS/C |
||
| 100 |
_aDostoyevsky, Fydor _96152 |
||
| 245 | 0 |
_aCrime And Punishment / _cFyodor Dostoevksy |
|
| 260 |
_bRaduga Pub, _aAgra: _c1999: |
||
| 300 | _a216p | ||
| 650 | _aEnglish | ||
| 942 |
_cBK _2ddc _h891.733 _iDOS/C _k891.733 _mDOS/C |
||